| 000 | 01300cam a22003138a 4500 | ||
|---|---|---|---|
| 001 | 13915174 | ||
| 003 | ARRUPE | ||
| 005 | 20131022164957.0 | ||
| 008 | 050330s2005 mau b 001 0 eng | ||
| 010 | _a 2005008869 | ||
| 020 | _a1561012300 (pbk. : alk. paper) | ||
| 040 |
_aDLC _cDLC _dDLC |
||
| 042 | _apcc | ||
| 050 | 0 | 0 |
_aBV4501.3 _b.B378 2005 |
| 082 | 0 | 0 |
_a248.4/83 _222 |
| 100 | 1 |
_aBartlett, Alan, _d1958- _92629 |
|
| 245 | 1 | 0 |
_aHumane Christianity : _barguing with the classic Christian spiritual disciplines in the light of Jesus of Nazareth / _cAlan Bartlett. |
| 260 |
_aCambridge, Mass. : _bCowley Publications, _c2005. |
||
| 263 | _a0602 | ||
| 300 | _ap. cm. | ||
| 504 | _aIncludes bibliographical references and index. | ||
| 505 | 0 | _aInhumane Christianity -- From poverty to simplicity -- From obedience to responsibility -- From chastity to the joy of sexuality -- From stability to patience -- From conversion to Christ. | |
| 610 | 2 | 0 |
_aChurch of England _xHistory _y20th century. _92630 |
| 650 | 0 |
_aSpiritual life _xChristianity. _92631 |
|
| 856 | 4 | 1 |
_3Table of contents _uhttp://www.loc.gov/catdir/toc/ecip0511/2005008869.html |
| 906 |
_a7 _brix _corignew _d1 _eecip _f20 _gy-gencatlg |
||
| 942 |
_2lcc _cMONOGRAPH |
||
| 999 |
_c118374 _d118374 |
||